| 000 | 00405 a2200145 4500 | ||
|---|---|---|---|
| 001 | 169912 | ||
| 020 | _a | ||
| 040 | _cMagnum | ||
| 100 | _aBraggio, Silvia Lucia Bigonjal | ||
| 240 | 1 | 0 |
_aLeitura e alfabetizacao da concepcao mecanicista a sociopsicolinguisti _lpor |
| 245 | 1 | 0 | _aLeitura e alfabetizacao da concepcao mecanicista a sociopsicolinguisti |
| 362 | 0 | _a1899 | |
| 697 | _aGERAL | ||
| 942 | _cBK | ||
| 999 |
_c169912 _d169912 |
||